000 00527nam a2200181 i 4500
001 61042
003 ES-MaACL
005 20230906164344.0
007 t|
008 031110s1981 sp ||||1| spa d
245 0 4 _aLos estudios de Oficial de Aviación.
260 _aMadrid :
_bFundación Universidad Empresa,
_c1981.
300 _a84, LXIV p. ;
_c24 cm.
490 1 _aMonografias profesionales ;
_v33
830 0 _aMonografias profesionales ;
_v33
_9182734
852 _aES-MaACL
_jL-1402
_bR.102342
999 _c61042
_d61042